Vývoj zamestnanosti a nezamestnanosti v Slovenskej republike podľa výberového zisťovania pracovných síl roku 1996
Štruktúra ekonomicky aktívneho obyvateľstva v r. 1996. Vývoj zamestnanosti za r. 1996 a porovnanie s r. 1995. Pracujúci podľa sociálnych skupín, odvetví, zamestnanosti, veku a trvania nezamestnanosti v r. 1996.
Enregistré dans:
| Auteur principal: | |
|---|---|
| Format: | Chapitre de livre |
| Langue: | slovaque |
| Sujets: | |
| Tags: |
Pas de tags, Soyez le premier à ajouter un tag!
|
MARC
| LEADER | 00000naa a2200000 4500 | ||
|---|---|---|---|
| 001 | r025937 | ||
| 005 | 20230424120959.9 | ||
| 041 | 0 | |a slo | |
| 044 | |a SK | ||
| 245 | 1 | 0 | |a Vývoj zamestnanosti a nezamestnanosti v Slovenskej republike podľa výberového zisťovania pracovných síl roku 1996 |c Z. Čutková |
| 520 | |a Štruktúra ekonomicky aktívneho obyvateľstva v r. 1996. Vývoj zamestnanosti za r. 1996 a porovnanie s r. 1995. Pracujúci podľa sociálnych skupín, odvetví, zamestnanosti, veku a trvania nezamestnanosti v r. 1996. | ||
| 610 | 2 | 0 | |a štatistika obyvateľstva |
| 610 | 2 | 0 | |a zamestnanosť |
| 610 | 2 | 0 | |a nezamestnanosť |
| 610 | 2 | 0 | |a 1995-1996 |
| 610 | 2 | 0 | |a Slovensko |
| 610 | 2 | 0 | |a prieskum štatistický |
| 610 | 2 | 0 | |a obyvateľstvo aktívne |
| 100 | 1 | |a Čutková, Z. | |